Control systems engineering /
Wedi'i Gadw mewn:
| Prif Awdur: | |
|---|---|
| Fformat: | Llyfr |
| Iaith: | English |
| Cyhoeddwyd: |
New York :
John Wiley and Sons,
2000.
|
| Rhifyn: | 3rd ed. |
| Pynciau: | |
| Tagiau: |
Ychwanegu Tag
Dim Tagiau, Byddwch y cyntaf i dagio'r cofnod hwn!
|
| Thư viện lưu trữ: | Mạng thư viện Đại học Đà Nẵng |
|---|
| LEADER | 00877cam a2200349 i 4500 | ||
|---|---|---|---|
| 001 | 000046258 | ||
| 003 | 5717 | ||
| 005 | 20030306133403.0 | ||
| 008 | 010220|2000 vm 000 eng | ||
| 020 | |a 0471366013 | ||
| 040 | |a IRC |c IRC |d IRC | ||
| 041 | 0 | |a eng | |
| 082 | 1 | 4 | |a 629.8 |b NI-N |
| 100 | 1 | |a Nise, Norman S. | |
| 245 | 0 | 0 | |a Control systems engineering / |c Norman S. Nise. |
| 250 | |a 3rd ed. | ||
| 260 | |a New York : |b John Wiley and Sons, |c 2000. | ||
| 300 | |a xxii, 970p. : |b ill. | ||
| 630 | 0 | 4 | |a Systems engineering. |
| 630 | 0 | 4 | |a Automatic control. |
| 650 | 0 | 4 | |a Systems engineering. |
| 650 | 0 | 4 | |a Automatic control. |
| OWN | |a DUT | ||
| 999 | |a From the UDN01 | ||
| TYP | |a Monograph | ||
| TYP | |a Printed language | ||
| 980 | |a Mạng thư viện Đại học Đà Nẵng | ||


